Young Justice Mentors. - Statistics

General Stats
  • This quiz has been taken 12 times
  • The average score is 10 of 14
Answer Stats
Hint Answer % Correct
Aqualad, Aquagirl, Tempest, Laggon Boy Aquaman
100%
Nightwing, Robin, Batgirl, Spoiler, Orphan Batman
100%
Kid Flash, Impulse Flash
100%
Artemis, Speedy, Arsenal, Arrowette Green Arrow
100%
Superboy Superman
100%
Miss Martian, Beast Boy Martian Manhunter
92%
Rocket Icon
67%
Wonder Girl Wonder Woman
67%
Zatanna Zatara
67%
Static Black Lightning
58%
Sergeant Marvel, Lieutenant Marvel Captain Marvel
50%
Bumblebee Atom
25%
Blue Beetle Blue Beetle
25%
Guardian Guardian
17%
No matching quizzes found
Score Distribution
Percent of People with Each Score
Percentile by Number Answered
Your Score History
You have not taken this quiz